| 000 | 00000cas 2200000za 4500 |
| 001 | 9.500745 |
| 003 | CaOODSP |
| 005 | 20260122160403 |
| 007 | cr ||||||||||| |
| 008 | 150406c19709999onc|| p o||||f0 a0eng|d |
| 022 | |a1497-5823 |
| 040 | |aCaOODSP|beng |
| 041 | |aeng|afre |
| 043 | |an-cn--- |
| 086 | 1 |aJU1-1-1-PDF |
| 110 | 1 |aCanada. |bSupreme Court. |
| 210 | 0 |aCan. Supreme Court rep.|b(Online) |
| 222 | 0|aCanada Supreme Court reports |b(Online) |
| 240 | 10|aCanada Supreme Court reports. (Online) |
| 245 | 10|aCanada Supreme Court reports |h[electronic resource] = |bRecueil des arrêts de la Cour Suprême du Canada. |
| 246 | 11|aRecueil des arrêts de la Cour Suprême du Canada |
| 246 | 1 |iCited as: |aS.C.R |
| 260 | |a[Ottawa : |bSupreme Court of Canada, |c1970-] |e(Ottawa : |fQueen's Printer for Canada = Imprimeur de la Reine pour le Canada, |g1971-) |
| 310 | |aIrregular |
| 362 | 1 |aBegan with 1970. |
| 515 | |aIssued in multiple volumes per year, 1975- ; numbering begins each year with pt. 1; some years also have volume numbering. |
| 546 | |aText in French and English in parallel columns. |
| 690 | 07|aCourt decisions|2gcpds |
| 776 | 0#|tRecueil des arrêts de la Cour suprême du Canada |w(CaOODSP)9.508541 |
| 780 | 00|tCanada law reports |w(CaOODSP)9.814239 |
| 792 | |tCanada Supreme Court reports |efre|w(CaOODSP)9.500746 |